भारतेंदु-युग और हिन्दी भाषा की विकास -परम्परा (Record no. 1013024)
[ view plain ]
| 000 -LEADER | |
|---|---|
| fixed length control field | 00870nam a2200241Ia 4500 |
| 003 - CONTROL NUMBER IDENTIFIER | |
| control field | OSt |
| 005 - DATE AND TIME OF LATEST TRANSACTION | |
| control field | 20221005104533.0 |
| 008 - FIXED-LENGTH DATA ELEMENTS--GENERAL INFORMATION | |
| fixed length control field | 221004b |||||||| |||| 00| 0 hin d |
| 037 ## - SOURCE OF ACQUISITION | |
| Terms of availability | Textual |
| 040 ## - CATALOGING SOURCE | |
| Original cataloging agency | CRL |
| Transcribing agency | CRL |
| Language of cataloging | hin |
| 041 ## - LANGUAGE CODE | |
| Source of code | hin |
| Language code of text/sound track or separate title | hin |
| 100 ## - MAIN ENTRY--PERSONAL NAME | |
| Personal name | शर्मा, रामविलास |
| 245 #0 - TITLE STATEMENT | |
| Title | भारतेंदु-युग और हिन्दी भाषा की विकास -परम्परा |
| 246 ## - VARYING FORM OF TITLE | |
| Title proper/short title | Bhārateandu-yug aur hindī bhāṣhā kī vikās -paramparā |
| 260 ## - PUBLICATION, DISTRIBUTION, ETC. | |
| Place of publication, distribution, etc. | दिल्ली |
| Name of publisher, distributor, etc. | राजकमल प्रकाशन भारत |
| Date of publication, distribution, etc. | 1975 |
| 300 ## - PHYSICAL DESCRIPTION | |
| Extent | 352पृ. |
| Dimensions | cm. |
| 942 ## - ADDED ENTRY ELEMENTS (KOHA) | |
| Classification part | O152vM8, L5 |
| Koha item type | Textual |
| Source of classification or shelving scheme | |
| Withdrawn status | Lost status | Damaged status | Not for loan | Home library | Current library | Date acquired | Total Checkouts | Full call number | Barcode | Date last seen | Price effective from | Koha item type |
|---|---|---|---|---|---|---|---|---|---|---|---|---|
| Central Library | Central Library | 2022-10-05 | O152vM8 L5 | BL0781917 Bra | 2022-10-05 | 2022-10-05 | Textual |
